Un lejano cuento de magia
Saved in:
| Main Authors: | , |
|---|---|
| Format: | Bog |
| Sprog: | spansk |
| Udgivet: |
Viña del Mar
Altazor
2010
|
| Fag: | |
| Tags: |
Tilføj Tag
Ingen Tags, Vær først til at tagge denne postø!
|
MARC
| LEADER | 00000cam a2200000 a 4500 | ||
|---|---|---|---|
| 001 | UCF2596 | ||
| 003 | CL-VaPUC | ||
| 008 | 120830e20100000CL |||||||||||||||||spa|d | ||
| 020 | |a 9789567472666 | ||
| 082 | 0 | 4 | |a 863 |b OLI |2 21 |
| 100 | |a Oliva Reyman, Paolo |e autor |9 564301 | ||
| 700 | 0 | |a Salas Hidalgo, Marlon |e author |9 564300 | |
| 245 | 1 | 3 | |a Un lejano cuento de magia |
| 300 | |a v | ||
| 942 | |c BK | ||
| 945 | |d 20120830 00:00:00 |a dcastane | ||
| 260 | |a Viña del Mar |b Altazor |c 2010 | ||
| 500 | |a v.1: ángel protector | ||
| 650 | 0 | |a Cuentos chilenos |9 308280 | |
| 650 | 0 | |a Literatura chilena |9 308278 | |
| 650 | 0 | |a Narrativa chilena |9 342463 | |
| 650 | 0 | |a Ciencia ficción |9 314542 | |
| 650 | 0 | |a Literatura épica |9 545078 | |
| 583 | |a last modification |c 20120830 10:25:00 |k Rodrigo Vera | ||
| 999 | |c 349138 |d 349136 | ||
| 952 | |0 0 |1 0 |4 0 |6 863_000000000000000_OLI_2010 |7 0 |8 A |9 451602 |a BIBING |b BIBING |d 2019-11-22 |h v.1 |i 4896564 |o 863 OLI 2010 |p 4896564 |r 2025-01-20 |w 2019-11-22 |y BK |k CUI | ||
| 952 | |0 0 |1 0 |4 0 |6 863_000000000000000_OLI_2010 |7 0 |8 C |9 451603 |a BIBCUR |b BIBCUR |d 2019-11-22 |h v.1 |i 4896432 |o 863 OLI 2010 |p 4896432 |r 2025-04-22 |w 2019-11-22 |y BK |k CAC | ||